Statistics for Правители России

Click here to take the quiz!

General Stats

  • This quiz has been taken 19 252 times
    (19 242 since last reset)
  • The average score is 25 of 38

Answer Stats

Годы правленияИмя правителя% Correct
2012 — н. в.Владимир Путин
94%
1999 — 2008Владимир Путин
94%
1924 — 1953Иосиф Сталин
94%
1917 — 1924Владимир Ленин
93%
1689 — 1725Пётр I
91%
2008 — 2012Дмитрий Медведев
89%
1955 —1964Никита Хрущёв
86%
1547 — 1584Иван Грозный
86%
1985 — 1991Михаил Горбачёв
85%
1762 — 1796Екатерина II
84%
1894 — 1917Николай II
83%
1727 — 1730Пётр II
83%
1762Пётр III
82%
1991 —1999Борис Ельцин
81%
1825 — 1855Николай I
81%
1725 — 1727Екатерина I
80%
1964 — 1982Леонид Брежнев
79%
1801 — 1825Александр I
78%
1855 — 1881Александр II
78%
1881 — 1894Александр III
72%
1982 — 1984Юрий Андропов
69%
1984 — 1985Константин Черненко
67%
1605 — 1606Лжедмитрий I
66%
1598 — 1605Борис Годунов
58%
1796 — 1801Павел I
58%
1741 — 1762Елизавета Петровна
55%
1613 — 1645Михаил Фёдорович
52%
1740 — 1741Иоанн Антонович
48%
1689 — 1696Иван V
47%
1645 — 1676Алексей Михайлович
46%
1730 — 1740Анна Иоанновна
46%
1584 — 1598Фёдор Иоаннович
43%
1953 — 1955Георгий Маленков
40%
1606 — 1610Василий Шуйский
39%
1682 — 1689Софья Алексеевна
35%
1676 — 1682Фёдор III
35%
1917Александр Керенский
29%
1917Георгий Львов
22%

Score Distribution

Percentile by Number Answered

Percent of People with Each Score

Your Score History

You have not taken this quiz since the last reset